[Event "Challenge"]
[Site "http://www.queenalice.com/game.php?id=1351065"]
[Date "2015.4.1"]
[Round "-"]
[White "Diesels_Deuce"]
[Black "kuborn"]
[Result "1-0"]
[WhiteElo "1270"]
[BlackElo "1552"]

1. c4 e6 2. Nc3 Bb4 3. Qc2 Nc6 4. e3 Nf6 5. a3 Bxc3 6. Qxc3 O-O 7. d3 d6 8. Nf3
e5 9. d4 exd4 10. Nxd4 Ne4 11. Qd3 Re8 12. Be2 Nc5 13. Qc3 Nxd4 14. exd4 Ne4 15.
Qf3 c5 16. Be3 cxd4 17. Bxd4 Qa5+ 18. b4 Qa4 19. O-O Nd2 20. Qg3 Nxf1 21. Qxg7#
1-0

[Event "Challenge"]
[Site "http://www.queenalice.com/game.php?id=1351068"]
[Date "2015.4.1"]
[Round "-"]
[White "JoseMessias"]
[Black "kuborn"]
[Result "1-0"]
[WhiteElo "1583"]
[BlackElo "1625"]

1. Nf3 b6 2. Nc3 Bb7 3. Ne5 e6 4. e4 Bc5 5. Qf3 f6 6. Qh5+ g6 7. Nxg6 hxg6 8.
Qxh8 Ke7 9. Qg7+ Kd6 10. Nb5+ Kc6 11. d4 Bb4+ 12. c3 Be7 13. c4 d5 14. exd5+
exd5 15. Bd2 Nd7 16. Qxg6 dxc4 17. Bxc4 Ba6 18. Qe4# 1-0

[Event "Challenge"]
[Site "http://www.queenalice.com/game.php?id=1351074"]
[Date "2015.4.1"]
[Round "-"]
[White "rogervolei"]
[Black "kuborn"]
[Result "1-0"]
[WhiteElo "1860"]
[BlackElo "1471"]

1. e3 e5 2. a3 b6 3. Qf3 Qf6 4. Qxa8 Nc6 5. Qxc8+ Nd8 6. Qxc7 Ne6 7. Qxa7 Ne7 8.
Bb5 Nc5 9. Qb8+ Nc8 10. Qxc8+ Qd8 11. Qxd8+ Kxd8 12. b4 Ne6 13. Bb2 f6 14. Nc3
1-0

[Event "Challenge"]
[Site "http://www.queenalice.com/game.php?id=1351075"]
[Date "2015.4.1"]
[Round "-"]
[White "ledeon"]
[Black "kuborn"]
[Result "1-0"]
[WhiteElo "1749"]
[BlackElo "1562"]

1. e4 e5 2. Nf3 b6 3. Bc4 g6 4. Nxe5 Nh6 5. d3 Qf6 6. Nf3 Bb4+ 7. c3 d6 8. Bxh6
g5 9. Bxg5 Qg6 10. cxb4 Bg4 11. Bh4 Nc6 12. Bd5 Bxf3 13. Bxc6+ Kf8 14. Qxf3 d5
15. Bxa8 Kg7 16. Bxd5 f6 17. Bxf6+ Qxf6 18. Qxf6+ Kxf6 19. Nc3 Ke5 20. g3 Kd4
21. f4 h5 22. Kd2 c5 23. Ne2# 1-0

[Event "Challenge"]
[Site "http://www.queenalice.com/game.php?id=1351076"]
[Date "2015.4.1"]
[Round "-"]
[White "kuborn"]
[Black "crisvolei"]
[Result "1-0"]
[WhiteElo "1586"]
[BlackElo "1568"]

1. e4 e5 2. Nc3 Qf6 3. d3 Bc5 4. Be3 Bxe3 5. fxe3 Qg5 6. Nf3 Qh5 7. Nd5 Na6 8.
d4 c6 9. Bxa6 Rb8 10. Nxe5 Qh4+ 11. g3 Qxe4 12. Rf1 1-0

[Event "Challenge"]
[Site "http://www.queenalice.com/game.php?id=1351077"]
[Date "2015.4.1"]
[Round "-"]
[White "crisvolei"]
[Black "kuborn"]
[Result "0-1"]
[WhiteElo "1585"]
[BlackElo "1569"]

1. e4 e5 2. Nf3 d6 3. Bc4 Bg4 4. d4 exd4 5. Qxd4 Bxf3 6. gxf3 Qf6 7. Qd5 c6 8.
Bb5 Nd7 9. Bxc6 Rd8 10. Bxb7 Qxf3 11. Rg1 Ngf6 0-1

[Event "Challenge"]
[Site "http://www.queenalice.com/game.php?id=1351078"]
[Date "2015.4.1"]
[Round "-"]
[White "jbugg"]
[Black "kuborn"]
[Result "1-0"]
[WhiteElo "1443"]
[BlackElo "1600"]

1. e4 e5 2. Nf3 Nf6 3. Nc3 Bb4 4. Nxe5 Bxc3 5. dxc3 O-O 6. Bd3 Qe7 7. Bf4 d6 8.
Nc4 d5 9. Ne5 dxe4 10. Bc4 Be6 11. Qd4 Nc6 12. Qe3 Bxc4 13. Nxc4 Ng4 14. Qe2 h5
15. O-O Rae8 16. h3 e3 17. Nxe3 Nxe3 18. Bxe3 h4 19. Rfd1 Qe4 20. Rd2 Re5 21.
Rad1 Rfe8 22. Kf1 Qf5 23. Rd3 Na5 24. b3 c5 25. c4 Nc6 26. Rb1 Nd4 27. g4 Nxe2
28. gxf5 Nd4 29. Bxd4 Rxf5 30. Bc3 b6 31. b4 cxb4 32. Bxb4 a5 33. Bd6 Re6 34.
Bh2 Ref6 35. Rd2 g5 36. a4 Kg7 37. c3 Rc6 38. Rd4 1-0

[Event "Challenge"]
[Site "http://www.queenalice.com/game.php?id=1351141"]
[Date "2015.4.1"]
[Round "-"]
[White "JosephPyehoor"]
[Black "kuborn"]
[Result "1-0"]
[WhiteElo "1773"]
[BlackElo "1561"]

1. f3 e5 2. Kf2 Bc5+ 3. e3 d5 4. g3 e4 5. c3 Qf6 6. f4 h5 7. d4 Bg4 8. Be2 Ne7
9. Bxg4 hxg4 10. dxc5 b5 11. cxb6 Qxb6 12. Qxg4 Nd7 13. Qxg7 Rg8 14. Qd4 Qa5 15.
Qd1 f5 16. b4 Qb6 17. Na3 Rg6 18. Nc2 O-O-O 19. Nd4 Rh8 20. Bd2 Rgh6 21. h3 Rg8
22. Nde2 Rh7 23. Qa4 1-0

[Event "Challenge"]
[Site "http://www.queenalice.com/game.php?id=1352234"]
[Date "2015.4.7"]
[Round "-"]
[White "Tooony"]
[Black "kuborn"]
[Result "1-0"]
[WhiteElo "1554"]
[BlackElo "1471"]

1. e4 e6 2. d4 Nf6 3. e5 Nd5 4. Bd2 Qh4 5. Nf3 Qh5 6. c4 Nb6 7. c5 Nd5 8. Be2
Nc6 9. Ng5 Qg6 10. Nc3 Be7 11. Nxd5 exd5 12. Bh5 Qf5 13. Bxf7+ Kd8 14. Bxd5 Bxg5
15. O-O Nxd4 16. f4 Be7 17. b4 c6 18. Bc3 Nc2 19. g4 Ne3 20. gxf5 Nxd1 21. Raxd1
cxd5 22. Rxd5 Kc7 23. b5 Rf8 24. e6 d6 25. cxd6+ Bxd6 26. Rc1 Bxf4 27. Be5+ Kb6
28. Bxf4 Re8 29. Bc7# 1-0